| 000 | 005070000a22001810004500 | ||
|---|---|---|---|
| 003 | MACL | ||
| 005 | 20160330124003.0 | ||
| 008 | 160330b xxu||||| |||| 00| 0 eng d | ||
| 040 |
_aMACL _cMACL |
||
| 041 | _aHindi | ||
| 082 | _a891.433 | ||
| 100 |
_aसाहिबराम बवेजा _948882 |
||
| 245 | _aचन्द्रिका | ||
| 260 |
_bकलासन प्रकाशन _c2005 _aबीकानेर |
||
| 350 | _a200 | ||
| 650 |
_aNovel _948883 |
||
| 942 |
_cHIN _k891.433/BAV/N _2ddc |
||
| 999 |
_c18541 _d18541 |
||